| 000 | 02360nam a22003137a 4500 | ||
|---|---|---|---|
| 999 |
_c60828 _d60828 |
||
| 003 | Ge_BSU | ||
| 005 | 20241214161314.0 | ||
| 008 | 231027s2023 ge ||||| |||| 00| 0 geo d | ||
| 020 | _a9789941855429 | ||
| 041 | _ageo | ||
| 080 | _a373.5.014.53(479.22) თ-17 | ||
| 100 |
_aთავდგირიძე, ლელა _91294 |
||
| 245 |
_a უსაფრთხო სკოლის ოპტიმალური მოდელის გამოვლენა საქართველოს სოციალურ კონტექსტში : _b[მონოგრაფია] / _cლელა თავდგირიძე, ნატო შეროზია; სამეცნიერო რედაქტორი ნატო შეროზია ; რედაქტორი იმერი ბასილაძე ; დიზაინერი დათო მოსიაშვილი. |
||
| 264 |
_aთბილისი : _bფავორიტი სტილი, _c2023. |
||
| 300 |
_a216 გვ. : _bფოტ. ; _c22 სმ. |
||
| 500 | _aმონოგრაფია დაიბეჭდა შოთა რუსთაველის ეროვნული სამეცნიერო ფონდის ფინანსური მხარდაჭერით. | ||
| 501 | _aტერმინთა განმარტება: გვ. 178-193. | ||
| 504 | _aბიბლიოგრაფია: გვ. 194-205. | ||
| 653 | _aსაშუალო სკოლები | ||
| 653 | _aმოსწავლეთა უსაფრთხოება. | ||
| 653 | _aძალადობის პრევენცია. | ||
| 653 | _aგანათლების პოლიტიკა | ||
| 700 |
_aშეროზია, ნატო _eავტორი, სამეცნიერო რედაქტორი _99358 |
||
| 700 |
_aბასილაძე, იმერი _eრედაქტორი _94917 |
||
| 700 |
_aმოსიაშვილი, დათო _eდიზაინერი _97743 |
||
| 856 |
_uhttps://docs.google.com/document/d/1qgx9x0IQ2BYPmfDG3ou7JsOhI2-dMx5Qh90A1MhUItU/edit?tab=t.0 _yელ. ვერსია |
||
| 856 | _uhttps://drive.google.com/file/d/1hr8z6JdJpeVwUb8v5BaNDr6id6merdIs/view?usp=sharing | ||
| 942 |
_2udc _cᲬᲘᲒᲜᲘ |
||